| 000 | 00723nam a22002297a 4500 | ||
|---|---|---|---|
| 005 | 20170124110202.0 | ||
| 010 | _aB-045402 | ||
| 020 |
_c00.00 _a812590932 |
||
| 035 | _aB-045402 | ||
| 037 | _bCen Lib/Ret | ||
| 040 |
_aDPL _bEN |
||
| 082 |
_a005.01 _bMOH |
||
| 100 |
_aMohammed Azam _936464 |
||
| 245 |
_aProgramming with visual basic 6.0 / _cby Mohammed Azam |
||
| 260 |
_aNew Delhi _bVikas Publishing House _c2000 |
||
| 270 |
_a576, masjid road, jangpura _bNew Delhi _e110014 |
||
| 300 |
_axxii, 456p. _c23cm(Hb) |
||
| 500 | _aIncludes appendix, glossary and index | ||
| 650 |
_aComputer science _936465 |
||
| 650 |
_aProgramming language (Basic) _936466 |
||
| 942 |
_2ddc _cEN _h005.01 _mMOH |
||
| 999 |
_c133001 _d133001 |
||